| 000 | 00493nam a2200181Ia 4500 | ||
|---|---|---|---|
| 008 | 230711s9999||||xx |||||||||||||| ||und|| | ||
| 020 | _a978-93-325-4795-7 | ||
| 041 | _aENG | ||
| 082 |
_a5.1 _bRO-S |
||
| 100 | _aRozanski,Nick | ||
| 245 | 0 | _aSoftware systems Architecture : Working with stakeholders using viewpoints and perpectives | |
| 250 | _a2nd Ed. | ||
| 260 |
_c2016 _aNew Delhi _bPearson |
||
| 300 | _a572p. | ||
| 650 | _aComputer Engineering | ||
| 700 | _aWoods,Eoin | ||
| 942 | _cBK | ||
| 999 |
_c6364 _d6364 |
||